000 00582nam a2200229Ia 4500
003 OSt
005 20220912144329.0
006 a|||||r|||| 00| 0
007 ta
008 220909b |||||||| |||| 00| 0 eng d
020 _aSL01289843
024 _a196092
037 _cTextual
040 _aCSL
_beng
_cCSL
041 _aeng
082 _aY7:(R), P2;1
100 _aCritique Postcolnial
245 0 _aAnthropology and the will to meaning
700 _aCritique Postcolnial
942 _hY7:(R), P2;1
_cTEXL
_2CC
999 _c5120
_d5120